00833cam a2200265 i 45000010008000000030004000080050017000120080041000290100017000700150009000870200045000960400017001410500017001580820012001751000051001872450056002382600059002943000034003534900039003875000022004265040032004486500030004806500036005106500021005461776863OSt20220406140559.0770830s1977 enka b 001 0 eng  a 77030179  aGB77 a0198740581 :c$14.95.a019874059Xc$6.95 aDLCcHUdDLC00aS596.7b.T7800a631.4/11 aTrudgill, Stephen T.q(Stephen Thomas),d1947-10aSoil and vegetation systems /cStephen T. Trudgill. aOxford [Eng.] ;a[New York] :bClarendon Press,c1977. axii, 180 p. :bill. ;c24 cm.0 aContemporary problems in geography aIncludes indexes. aBibliography: p. [160]-173. 0aPlant-soil relationships. 0aMineral cycle (Biogeochemistry) 0aSystem analysis.